Slovník česko-německý
Guardado en:
| Autor principal: | |
|---|---|
| Formato: | Libro |
| Lenguaje: | checo alemán |
| Publicado: |
Praha
Academia
1990
|
| Edición: | 3. nezměn. vyd. |
| Etiquetas: |
Sin Etiquetas, Sea el primero en etiquetar este registro!
|
MARC
| LEADER | 00000nam a2200000 4500 | ||
|---|---|---|---|
| 001 | c023143 | ||
| 005 | 20221215120708.7 | ||
| 041 | 0 | |a cze | |
| 041 | 0 | |a ger | |
| 044 | |a CZ | ||
| 245 | 1 | 0 | |a Slovník česko-německý |c Josef Jungmann |
| 250 | |a 3. nezměn. vyd. | ||
| 264 | 1 | |a Praha |b Academia |c 1990 | |
| 300 | |a 2 diely | ||
| 100 | 1 | |a Jungmann, Josef | |